000
00261nam a2200109Ia 4500
008
190216s9999||||xx |||||||||||||| ||und||
100
_a
Sathikumaran Nair
245
0
_a
Arabikadalile Pavizha Deepukal
260
_b
Null
650
_a
Essay Malayalam
942
_c
BK
999
_c
25178
_d
25178